000 00767nas a2200241 4500
001 BR0804993
003 BR-BrBNA
005 20231205111900.0
007 ta
008 230509b bl.|||p| |||| 00| 00por d
040 _aBR-BrBNA
_bpor
_cBiblioteca Nacional de Agricultura
041 _a(Pt)
072 _aH50; F01
100 1 _aRibeiro, L.F.
100 1 _aBedendo, I.P.
245 1 _aProliferação de ramos em plantas comerciais de bico-de-papagaio associada a fitoplasma do grupo 16srIII
650 _aDISTURBIO
650 _aBICO-DE-PAPAGAIO
650 _aRAMIFICAÇÃO
773 0 _tFitopatologia Brasileira (Brazil)
_xISSN 0100-4158
_g(Jul-Aug 2006), v. 31(4) p. 367-371
_wBR0804993
909 _a202311
_bLúcia
_c55
_dLúcia Elande
942 _2AGRIS
_n0
_cANA
999 _c194947
_d194947